书目信息 |
| 题名: |
机械设计手册5
|
|
| 作者: | 徐灏 编 | |
| 分册: | ||
| 出版信息: | 北京 机械工业出版社 1992.01 |
|
| 页数: | 42-153页 | |
| 开本: | 16开 | |
| 丛书名: | ||
| 单 册: | ||
| 中图分类: | TH12:5 , TH12 | |
| 科图分类: | ||
| 主题词: | 机械设计 , 机械--计算 , 机械制图 | |
| 电子资源: | ||
| ISBN: | 7-111-02756-6 | |
| 000 | 00601nam0 2200229 45 | |
| 001 | 0006191689 | |
| 005 | 20080924144411.93 | |
| 010 | @a7-111-02756-6@d108.00元 | |
| 100 | @a20000619d1992 km y0chiy0120 ea | |
| 101 | 0 | @achi |
| 105 | @a z 000yy | |
| 200 | 1 | @a机械设计手册5@AJi Xie She Ji Shou Ce 5@f徐灏编@FXuHao Bian |
| 210 | @a北京@c机械工业出版社@d1992.01 | |
| 215 | @a42-153页@d16开 | |
| 606 | 0 | @a机械设计 |
| 606 | 0 | @a机械@x计算 |
| 606 | 0 | @a机械制图 |
| 690 | @aTH12:5@v3 | |
| 690 | @aTH12@v4 | |
| 701 | 0 | @a徐灏@4编 |
| 801 | @aCN@b@c20080924 | |
| 905 | @dTH12@eX008:5@b405343-345@f3 | |
| 机械设计手册5/徐灏编.-北京:机械工业出版社,1992.01 |
| 42-153页;16开 |
| ISBN 7-111-02756-6:108.00元 |
| ● |
| 相关链接 |
|
|
|
正题名:机械设计手册5
索取号:TH12/X008:5
 
预约/预借
| 序号 | 登录号 | 条形码 | 馆藏地/架位号 | 状态 | 备注 |
| 1 | 405343 | 204053433 | 自科二线504/504自科库 13排2列1层/ [索取号:TH12/X008:5] | 在馆 | |
| 2 | 405344 | 204053442 | 自科二线400A/400A自科库 27排1列1层/ [索取号:TH12/X008:5] | 在馆 | |
| 3 | 405345 | 204053451 | 自科库501/501自科库 32排2列4层/ [索取号:TH12/X008:5] | 在馆 |